书目信息 |
| 题名: |
柳体玄秘塔标准习字帖
|
|
| 作者: | 柳溥庆 编 | |
| 分册: | ||
| 出版信息: | 北京 北京出版社 1979 |
|
| 页数: | 36页 | |
| 开本: | 26cm | |
| 丛书名: | ||
| 单 册: | ||
| 中图分类: | J292.24 | |
| 科图分类: | ||
| 主题词: | 楷书-碑帖--中国--唐代 , 碑帖-楷书--中国--唐代 | |
| 电子资源: | ||
| ISBN: | ||
| 000 | 00644nam0 2200241 45 | |
| 001 | 0179007536 | |
| 005 | 20040520104925.0 | |
| 010 | @dCNY0.38 | |
| 091 | @a8071.311 | |
| 100 | @a19950724d1979 em y0chiy0121 ea | |
| 101 | 0 | @achi |
| 102 | @aCN@b110000 | |
| 105 | @ay z 000yy | |
| 106 | @ar | |
| 200 | 10 | @a柳体玄秘塔标准习字帖@Aliu ti xuan mi ta biao zhun xi zi tie@f柳溥庆编 |
| 210 | @a北京@c北京出版社@d1979 | |
| 215 | @a36页@d26cm | |
| 606 | @a楷书-碑帖@y中国@z唐代 | |
| 606 | @a碑帖-楷书@y中国@z唐代 | |
| 690 | @aJ292.24@v3 | |
| 701 | 0 | @a柳溥庆@Aliu pu qing@4编 |
| 801 | 0 | @aCN@bNLC@c20040520 |
| 905 | @f1@b207946@dJ292.24@e158 | |
| 柳体玄秘塔标准习字帖/柳溥庆编.-北京:北京出版社,1979 |
| 36页;26cm |
| ISBN :CNY0.38 |
| ● |
| 相关链接 |
|
|
|
|
正题名:柳体玄秘塔标准习字帖
索取号:J292.24/158
 
预约/预借
| 序号 | 登录号 | 条形码 | 馆藏地/架位号 | 状态 | 备注 |
| 1 | 0207946 | 001210102 | 第一借阅区/ [索取号:J292.24/158] | 在馆 | |
| 2 | 0207947 | 001210111 | 第一样本阅览室/ [索取号:J292.24/158] | 在馆 |